000 00510nam a2200181Ia 4500
001 23351
005 20260414150931.0
008 260414t2014||||xx |||||||||||||| ||spa||
041 _aESP
082 _a629.89
_bR72
100 _aRoca Cusidó, Alfredo
_eAUT
245 0 _aControl automático de procesos industriales :
_bcon prácticas de simulación y análisis por ordenador PC
260 _c2014
300 _axv, 604 páginas :
_c24 cm.
650 _aTCA
654 _aCII
942 _cLIB
_dJUS
_fJUS
_2ddc
_n
999 _c23351
_d23351